LEADER 01309nam0-22004091i-450- 001 990003790450403321 005 20080206121558.0 010 $a88-86211-74-0 035 $a000379045 035 $aFED01000379045 035 $a(Aleph)000379045FED01 035 $a000379045 100 $a20030910d1996----km-y0itay50------ba 101 0 $aita 102 $aIT 105 $ay-------001yy 200 1 $a<>opera a cui lavoro$eapparato critico e documentario alla "Spedizione etnologica" in Lucania$fErnesto de Martino$ga cura di Clara Gallini 210 $aLecce$cArgo$d©1996 215 $a384 p.$ctav., ill.$d20 cm 225 1 $a<>opera di Ernesto de Martino$fcollana diretta da Clara Gallini$v3 610 0 $aEtnologia$aItalia$aTeoria 610 0 $aDe Martino Ernesto (etnologo, 1908-1965)$aStudi 610 0 $aAntropologia culturale$aItalia$aTeoria 610 0 $aFolclore$aBasilicata 610 0 $aEtnomusicologia 676 $a305.800 1 676 $a306.01 676 $a398.094577 700 1$aDe Martino,$bErnesto$f<1908-1965>$037814 702 1$aGallini,$bClara$f<1931- > 801 0$aIT$bUNINA$gRICA$2UNIMARC 901 $aBK 912 $a990003790450403321 952 $a306.01 DEM 11$b5861$fBFS 959 $aBFS 996 $aOpera a cui lavoro$9506248 997 $aUNINA LEADER 00977cam a2200277Ia 4500 001 991001838489707536 008 060426s20052005it a b 011 0 ita d 020 $a8870384195 035 $ab13434974-39ule_inst 040 $aDip.to Beni Culturali$bita 245 00$aAeimnestos :$bmiscellanea di studi per Mauro Cristofani /$ca cura di Benedetta Adembri 260 $aFirenze :$bCentro Di,$c2005 300 $a2 vv. (XXII, 985 pp.) :$bill. ;$c30 cm 504 $aContiene bibliografia 600 10$aCristofani, Mauro 650 4$aArte greca 650 4$aArte romana 651 4$aItalia$xAntichità 700 1 $aAdembri, Benedetta 700 1 $aCristofani, Mauro 907 $a.b13434974$b02-04-14$c06-09-06 912 $a991001838489707536 945 $aLE001 AR XIII 168-169$g1$i2001000158928$lle001$op$pE250.00$q-$rl$s- $t0$u1$v0$w1$x0$y.i14286816$z06-09-06 996 $aAeimnestos$91014821 997 $aUNISALENTO 998 $ale001$b06-09-06$cm$da $e-$fita$git $h0$i0